Name a Blue Prince Room A-Z - Statistics

General Stats
  • This quiz has been taken 7 times
  • The average score is 17 of 20
Answer Stats
Letter Room(s) # % Correct
A Antechamber | Aquarium | Archives | The Armory | Attic 5
100%
C Casino | Chamber of Mirrors | Chapel | Classroom | Clock Tower | Cloister | Closed Exhibit | Closet | Coat Check | Commissary | Conference Room | Conservatory | Corridor | Courtyard 14
100%
D Darkroom | Den | Dining Room | Dormitory | Dovecote | Drafting Studio | Drawing Room 7
100%
G Gallery | Garage | Gift Shop | Great Hall | Greenhouse | Guest Bedroom | Gymnasium 7
100%
L Laboratory | Laundry Room | Lavatory | Library | Locker Room | Locksmith | Lost & Found 7
100%
P Pantry | Parlor | Passageway | Patio | Planetarium | The Pool | Pump Room 7
100%
S Sauna | Schoolhouse | Secret Garden | Secret Passage | Security | Servant's Quarters | Shelter | Showroom | Shrine | Solarium | Spare Room | Storeroom | Study 13
100%
K The Kennel | Kitchen 2
100%
B Ballroom | Bedroom | Billiard Room | Boiler Room | Bookshop | Boudoir | Bunk Room 7
83%
H Hallway | Her Ladyship's Chamber | Hovel 3
83%
M Maid's Chamber | Mail Room | Master Bedroom | Mechanarium | Morning Room | Music Room 6
83%
R Room 46 | Room 8 | Root Cellar | Rotunda | Rumpus Room 5
83%
T Terrace | Throne of the Blue Prince | Throne Room | Tomb | Toolshed | Trading Post | Treasure Trove | Trophy Room | Tunnel 9
83%
F The Foundation | Foyer | Freezer | Furnace 4
83%
V Vault | Veranda | Vestibule 3
83%
E East Wing Hall | Electric Eel Aquarium | Entrance Hall 3
67%
O Observatory | Office 2
67%
U Utility Closet 1
67%
W Walk-in Closet | Weight Room | West Wing Hall | Wine Cellar | Workshop 5
67%
N Nook | Nursery 2
50%
No matching quizzes found
Score Distribution
Percent of People with Each Score
Percentile by Number Answered
Your Score History
You have not taken this quiz